000 00986nam0a22002771 4500
001 rc\4008925
005 20130415125552.6
021 _aRU
_b[53-26757]
035 _a(NLR Aleph) 008078199
090 _a9106371
_c9106371
100 _a20130415d1953 |||y0rusy50 ca
101 0 _arus
102 _aRU
105 _aa z |||||
200 1 _aОпыт работы комбайнов на тонких пологопадающих пластах Донбасса
210 _aМосква
_cУглетехиздат
_d1953
215 _a156 с.
_cил.
_d20
300 _aПеред загл. авт.: доц. П.Н. Демидов, гор. инж. А.Н. Кабанов
606 _aУгольные комбайны
_xЭксплуатация
_2psbo
700 1 _aДемидов
_bП. Н.
_gПавел Николаевич
701 1 _aКабанов
_bА. Н.
801 0 _aRU
_bNLR
_gpsbo
801 1 _aRU
_bELAR
_2rusmarc
852 _aNLR
_jТ26 Г-3/165
942 _cBOOK
980 _aNB